| 000 | 00549cam a22002051 4500 | ||
|---|---|---|---|
| 001 | ca 36001560 | ||
| 003 | DLC | ||
| 005 | 20260227111144.0 | ||
| 008 | 790808s1931 nyu 000 0 eng | ||
| 010 | _aca 36001560 | ||
| 035 | _a(OCoLC)5251036 | ||
| 040 |
_aDLC _cRPB _dRPB _dDLC |
||
| 042 | _apremarc | ||
| 050 | 0 | 0 |
_aPN4305.M6 _bB777 |
| 082 | _a815.5 | ||
| 100 | 1 |
_aBraun, Wilbur, _d1896- |
|
| 245 | 1 | 0 |
_aNew dishes, _ba monologue, _cby Wilbur Braun. |
| 260 |
_aNew York, _bFitzgerald Publishing Corporation _c[c1931] |
||
| 300 |
_a14 p. _c19 cm. |
||
| 999 |
_c18320 _d18320 |
||